|
|
|
|
| LEADER |
00920nam a2200229 a 4500 |
| 001 |
c000193133 |
| 003 |
CARM |
| 005 |
20021125001700.0 |
| 008 |
850222s1959 fr f 00011 fre d |
| 019 |
1 |
|
|a 3706286
|5 LACONCORD2021
|
| 035 |
|
|
|a (OCoLC)4083191
|5 LACONCORD2021
|
| 040 |
|
|
|a NUN
|c NUN
|
| 082 |
1 |
|
|a 843.7
|2 19
|
| 100 |
1 |
|
|a Maistre, Xavier de,
|d 1763-1852.
|
| 245 |
1 |
0 |
|a Voyage autour de ma chambre /
|c Xavier de Maistre.
|
| 260 |
|
|
|a Paris :
|b Laffont,
|c [1959]
|
| 300 |
|
|
|a 247 p. :
|b port. ;
|c 19 cm.
|
| 440 |
|
4 |
|a Les Cent chefs-oeuvre de la langue française;
|v 24.
|
| 500 |
|
|
|a "Le présent texte a été établi d'après l'édition des Oeuvres complètes ... paru en 1825."
|
| 852 |
8 |
|
|b CARM
|h A2:AL06A0
|i A03444
|p 0306801
|f BK
|
| 999 |
f |
f |
|i 6601ecf4-d6bb-5f94-88da-0b5ba462929b
|s fd1e61cf-92c8-516a-9831-ddb8175b9374
|
| 952 |
f |
f |
|p Can circulate
|a CAVAL
|b CAVAL
|c CAVAL
|d CARM 1 Store
|e A03444
|f A2:AL06A0
|h Other scheme
|i book
|m 0306801
|